Figure Out the Musical Lyrics (15) Quiz Stats

 Plays Quiz not verified by Sporcle

Score 0/294 Timer 12:00
0 Plays Today
% Correct
a
98.6%
the
98.6%
and
98.6%
the
98.6%
the
98.6%
the
98.6%
the
98.6%
the
98.6%
A
98.6%
the
98.6%
and
98.6%
the
98.6%
the
98.6%
and
98.6%
and
98.6%
a
98.6%
and
98.6%
a
98.6%
the
98.6%
the
98.6%
and
98.6%
the
98.6%
a
98.6%
and
98.6%
the
98.6%
the
98.6%
a
98.6%
and
98.6%
a
98.6%
and
98.6%
the
98.6%
I
98%
I
98%
I
98%
I
98%
I
98%
I
98%
I
98%
I
98%
I
98%
I
98%
I
98%
I
98%
I
98%
I
98%
I
98%
I
98%
I
98%
I
98%
I
98%
I
98%
I
98%
You
89.3%
you
89.3%
to
78.5%
to
78.5%
to
78.5%
to
78.5%
to
78.5%
to
78.5%
to
78.5%
to
78.5%
to
78.5%
to
78.5%
to
78.5%
to
78.5%
to
78.5%
to
78.5%
me?
77.9%
me
77.9%
me.
77.9%
me
77.9%
me
77.9%
be
77.5%
be
77.5%
be
77.5%
be
77.5%
be
77.5%
It
74.5%
it
74.5%
it,
74.5%
he
74.3%
he
74.3%
in
74%
in
74%
do
73.8%
do
73.8%
is
73.4%
is
73.4%
what
71.9%
what
71.9%
what
71.9%
go
68.1%
My
68%
my
68%
my
68%
my
68%
my
68%
% Correct
My
68%
my
68%
my
68%
my
68%
who
67.4%
for
67%
for
67%
for
67%
so
66.3%
so
66.3%
so
66.3%
so
66.3%
so
66.3%
so
66.3%
that?
65.4%
that
65.4%
that
65.4%
that
65.4%
that
65.4%
that
65.4%
that
65.4%
that
65.4%
that
65.4%
of
64.9%
of
64.9%
of
64.9%
of
64.9%
of
64.9%
of
64.9%
why
64.4%
why
64.4%
am
63.6%
am
63.6%
can't
57.6%
can't
57.6%
will
57.4%
know
57.4%
have
55.6%
have
55.6%
have
55.6%
was
54.4%
was
54.4%
was
54.4%
was
54.4%
was
54.4%
was
54.4%
one
52.8%
it's
50.1%
this
50%
all
49.8%
all
49.8%
all.
49.8%
all
49.8%
then
47.6%
but
46.9%
his
46.9%
has
46.8%
has
46.8%
I've
46.6%
Ever
46.1%
with
45.1%
just
44.4%
just
44.4%
just
44.4%
us,
43.8%
Now
42.8%
now
42.8%
time
42.5%
time
42.5%
time
42.5%
things
39.4%
things
39.4%
best,
37.9%
must
37.8%
must
37.8%
must
37.8%
never
36.8%
only
35.5%
up,
34.9%
here.
34.9%
said
34.6%
child
33.1%
always
32.9%
always
32.9%
what's
32.1%
what's
32.1%
Oh,
31.9%
since
31.6%
believe
31.3%
believe
31.3%
believe
31.3%
believe
31.3%
believe
31.3%
believe
31.3%
believe
31.3%
believe
31.3%
about
30.5%
about
30.5%
% Correct
world
30.4%
any
29.6%
people
29.1%
God
28.8%
God
28.8%
God.
28.8%
God
28.8%
matter
28%
friends
27.5%
family
26.9%
tried
26.8%
even
26.4%
back.
26.3%
son
25.6%
show
23.9%
die
23.4%
own
23.4%
happened?
23.1%
happened?
23.1%
Mormon,
22.9%
Mormon
22.9%
plan
22.9%
plan
22.9%
Mormon,
22.9%
Mormon
22.9%
face,
22.6%
believes.
22.3%
believes.
22.3%
scared?
22%
sent
21.5%
sent
21.5%
lord
21.3%
lord
21.3%
sins,
20.3%
supposed
20%
scary
20%
warlord
19.8%
doubt.
19.6%
doubt,
19.6%
planet,
19.6%
shoots
19.5%
getting
19.5%
sea,
18.9%
trust
18.9%
longed
18.5%
dared,
18.5%
universe,
18.5%
created
18.4%
help
18.3%
Christ
18.1%
across
18%
blessed,
17.9%
cannot
17.8%
faith
17.6%
free,
17.6%
inside
17.6%
mightier
17.3%
exciting
17.1%
myself
17%
completely
16.4%
involves
16.4%
church,
16.4%
devout,
16.3%
allow
16.3%
step
16.1%
America.
16.1%
teaching
16%
allowed
15.9%
shaken.
15.9%
problem
15.6%
directly
15.6%
commands.
15.6%
Jews
15.5%
sailed
15.5%
built
15.4%
boats
15.4%
part-way,
15.4%
lord's
15.3%
instead
15.3%
Elder
15.3%
Price
15.3%
speaks
15.3%
standing
15%
tall.
15%
ancient
14.9%
power
14.9%
set
14.8%
doubting
14.6%
needy,
14.5%
shred
14.1%
dang
14%
share
13.9%
President
13.8%
Thomas
13.6%
current
13.4%
worries
12.6%
Monson,
11.8%
realize
11.1%

You're not logged in!

Compare scores with friends on all Sporcle quizzes.
OR
Log In

You Might Also Like...

Show Comments

Extras

Top Quizzes Today


Score Distribution

Your Account Isn't Verified!

In order to create a playlist on Sporcle, you need to verify the email address you used during registration. Go to your Sporcle Settings to finish the process.

Report this User

Report this user for behavior that violates our Community Guidelines.

Details: